Introduction to set theory /

Guardado en:
Autor Principal: Monk, J. Donald 1930-
Formato: Libro
Idioma:English
Publicado: New York : McGraw-Hill, c1969.
Series:International series in pure and applied mathematics
Etiquetas: Agregar Etiqueta
Sin Etiquetas, Sea el primero en etiquetar este registro!
LEADER 00769cam a22002055a 4500
001 MAT.inmabb002430
008 690408s1969####nyu######b####001#0#eng#d
005 20130409113408.0
245 1 0 |a Introduction to set theory /  |c J. Donald Monk. 
260 |a New York :  |b McGraw-Hill,  |c c1969. 
300 |a ix, 193 p. ;  |c 24 cm. 
440 0 |a International series in pure and applied mathematics 
505 8 |a Capítulos: 1. Elementary set theory -- 2. Ordinals -- 3. The axiom of choice -- 4. Cardinals. 
504 |a Bibliografía: p. 181-183. 
510 4 |a MR,  |c 44 #3877 
100 1 |a Monk, J. Donald  |q (James Donald),  |d 1930- 
084 |a 03Exx (03-01)  |2 msc2000 
010 |a  68020056  
859 |h 03  |i M745  |p A-4110  |b BIB. MATEMATICA 
859 |h 03  |i M745  |p A-4354  |t Ej. 2  |b BIB. MATEMATICA